Ekonomernosti funkcionirovanija ergatičeskich sistem

Saved in:
Bibliographic Details
Main Author: Zarakovskij, Georgij Michajlovič
Other Authors: Pavlov, Vadim Vladimirovič
Format: Book
Language:Russian
Published: Moskva Radio i svjaz' 1987
Edition:1. izd.
Tags: Add Tag
No Tags, Be the first to tag this record!

MARC

LEADER 00000nam a2200000 4500
001 c034160
005 20221219131301.3
041 0 |a rus 
044 |a RU 
245 1 0 |a Ekonomernosti funkcionirovanija ergatičeskich sistem  |c Georgij Michajlovič Zarakovskij, Vadim Vladimirovič Pavlov 
250 |a 1. izd. 
264 1 |a Moskva  |b Radio i svjaz'  |c 1987 
300 |a 231 s. 
100 1 |a Zarakovskij, Georgij Michajlovič 
700 1 |a Pavlov, Vadim Vladimirovič